000 00295nam a2200109Ia 4500
008 171211s9999 xx 000 0 und d
245 _aGoldfish: Your Happy Healthy Pet
245 _cGregory Skomal
260 _c2007
650 _xANIMALS
856 _uhttp://down.ebook777.com/054/047016512X.pdf
999 _c348458
_d348458